|
|
|
|
| LEADER |
01181cam a2200325 7i4500 |
| 001 |
0000050782 |
| 005 |
20231127090000.0 |
| 008 |
231127t20052005ne a ### #00001eng## |
| 020 |
# |
# |
|a 4440520847
|
| 020 |
# |
# |
|a 0444520848
|
| 040 |
# |
# |
|a UMT
|b eng
|c UMT
|e rda
|
| 090 |
0 |
# |
|a GB 568.68 .M4
|b C3 2005
|
| 245 |
0 |
0 |
|a Catchment dynamics and river processes :
|b Mediterranean and other climate regions
|c edited by Celso Garcia, Ramon J. Batalla.
|
| 264 |
# |
4 |
|c ♭2005
|
| 264 |
# |
1 |
|a Amsterdam:
|b Elsevier,
|c 2005
|
| 300 |
# |
# |
|a xx, 226 pages:
|b illustrations (some colour.);
|c 25 cm.
|
| 336 |
# |
# |
|a text --
|2 rdacontent
|
| 337 |
# |
# |
|a unmediated --
|2 rdamedia
|
| 338 |
# |
# |
|a volume --
|2 rdacarrier
|
| 490 |
0 |
# |
|a Developments in earth surface processes;
|v 7
|
| 504 |
# |
# |
|a Includes bibliographical references and index
|
| 590 |
# |
# |
|a Pusat Pengajian Sains Marin dan Persekitaran
|
| 650 |
0 |
0 |
|a River channels
|
| 650 |
0 |
0 |
|a Watersheds --
|z Mediterranean Region
|
| 650 |
0 |
0 |
|a Geomorphology
|
| 650 |
0 |
0 |
|a Watersheds
|
| 700 |
1 |
# |
|a Garcia, Celso
|
| 700 |
1 |
# |
|a Batalla, Ramon J.
|
| 830 |
# |
0 |
|a Developments in earth surface processes
|
| 999 |
|
|
|a 1100042614
|b Book
|c Open Shelf
|e KOLEKSI TERBUKA
|